Spell the Marvel Character #222 - Statistics

General Stats
  • This quiz has been taken 13 times
  • The average score is 5 of 6
Answer Stats
Picture Answer % Correct
Hawkeye
100%
Namor the Sub-Mariner
92%
Okoye
92%
U.S. Agent
92%
Hogun
85%
Guardian
77%
No matching quizzes found
Score Distribution
Percent of People with Each Score
Percentile by Number Answered
Your Score History
You have not taken this quiz